Vasilij Pavlovič Krivoručko : období tvůrčí zralosti /

Hlavní autor: Toman, Oldřich, 1923-2007
Korporativní autor: Muzeum města Brna
Jazyk: Čeština
Vydáno: Brno : Blok, 1981
Vydání: 1. vyd.
Témata:
Externí odkaz: Digitalizovaný dokument
Fyzický popis: 55 s., obr. příl.
Knihy
Uloženo v:
LEADER 01216nam a22002772a 4500
001 000204070
003 CZ BrMZK
005 20110301202923.0
007 ta
008 970107s1981 xr af f cze d
015 |a cnb000153980 
040 |a BOA001  |b cze 
100 1 |a Toman, Oldřich,  |d 1923-2007  |7 jk01132618  |4 aut 
245 1 0 |a Vasilij Pavlovič Krivoručko :  |b období tvůrčí zralosti /  |c Oldřich Toman 
250 |a 1. vyd. 
260 |a Brno :  |b Blok,  |c 1981 
300 |a 55 s., obr. příl. 
500 |a Dostupné též v digitální podobě v aplikaci Kramerius 
710 2 |a Muzeum města Brna  |7 kn20010724499 
856 4 1 |u http://www.digitalniknihovna.cz/mzk/uuid/uuid:43f74900-35ac-11ed-be63-005056827e52  |y Digitalizovaný dokument  |x NDK 
910 |a BOA001  |b PK-0091.680  |b 2-0835.907 
964 |a Krivoručko, Vasilij Pavlovič - 1919-? - život a dílo - publikace obrazové 
990 |a BK 
996 7 |b 2619396625  |c 2-0835.907  |l MZK  |r Sklad / do 1 hodiny  |n 0  |w 000204070  |u 000020  |a 1  |e BOA001  |j MZK50  |s A 
996 6 |b 2619396626  |c 2-0835.907  |l MZK  |r Sklad / do 1 hodiny  |n 0  |w 000204070  |u 000030  |a 1  |e BOA001  |j MZK50  |s P 
996 7 |b 3119900993  |c PK-0091.680  |l MZK  |r Sklad / do 1 hodiny  |n 0  |w 000204070  |u 000010  |a 1  |e BOA001  |j MZK50  |s A